000 01103nam a2200289 i 4500
005 20250416115056.0
008 250416t20062006my bo frf o000 0 eng d
020 _a9679365042
_cRM10.00
_qpaperback
040 _aPPAK
_beng
_cPPAK
_erda
082 0 4 _223
_a634.80720595
090 0 0 _a634.80720595
_bCHO
_dR
100 1 _aChong, Swee Teck,
_cDr.,
_eauthor.
245 1 0 _aStatus of grape cultivation and research in Malaysia /
_cDr. Chong Swee Teck
264 1 _aKuala Lumpur :
_bMalaysian Agricultural Research and Development Institute,
_c2006
264 4 _c©2006
300 _a15 pages :
_bcolour maps, colour photographs ;
_c25 cm
336 _atext
_2rdacontent
337 _aunmediated
_2rdamedia
338 _avolume
_2rdacarrier
490 1 _aMARDI Report ;
_vNo. 205 (2006)
504 _aBibliography: page 14
650 1 0 _aGrapes
_xPlanting
_zMalaysia
650 2 0 _aGrapes
_xResearch
_zMalaysia
710 2 _aMalaysian Agricultural Research and Development Institute,
_eissuing body.
830 0 _aMARDI Report ;
_vNo. 205 (2006)
942 _2ddc
_cB
999 _c199419
_d199419